Flags of the Axis Powers - Sudden Death - Statistics

General Stats
  • This quiz has been taken 116 times
  • The average score is 7 of 10
Answers on the Grid
Answers color-coded by a green-red scale on the quiz's grid according to % correct below.
 
Answer Stats
Answer % Correct
94%
86%
83%
70%
68%
67%
67%
60%
58%
23%
No matching quizzes found
Score Distribution
Percent of People with Each Score
Percentile by Number Answered
Your Score History
You have not taken this quiz